| 000 | 00888cam a22002535a 4500 | ||
|---|---|---|---|
| 001 | 017495127 | ||
| 003 | OSt | ||
| 005 | 20161024140124.0 | ||
| 008 | 150727t2016 ne a frb 001 0 eng d | ||
| 020 | _a9780128002193 | ||
| 040 |
_aStDuBDS _beng _cStDuBDS _dEG-ScBUE |
||
| 082 | 0 | 4 |
_a622.3382 _222 _bSAT |
| 100 | 1 |
_aSatter, Abdus. _95370 |
|
| 245 | 1 | 0 |
_aReservoir engineering : _bthe fundamentals, simulation, and management of conventional and unconventional recoveries / _cAbdus Satter, Ghulam M. Iqbal. |
| 260 |
_aWaltham ; _aOxford : _bGulf Professional Publishing / Elsevier, _cc.2016. |
||
| 300 |
_axii, 472 p. : _bill. ; _c23 cm. |
||
| 500 | _aIndex : p. [453]-472. | ||
| 504 | _aIncludes bibliographical references. | ||
| 650 | 7 |
_aOil reservoir engineering. _2BUEsh _919804 |
|
| 651 | _2BUEsh | ||
| 653 |
_bENGARC _cOctober2016 |
||
| 700 | 1 |
_aIqbal, Ghulam M. _95374 |
|
| 942 | _2ddc | ||
| 999 |
_c22833 _d22805 |
||